[Event "Bruges op"]
[Site "Bruges"]
[Date "2024.08.16"]
[Round "9"]
[White "Patil, Harshal"]
[Black "Elgersma, Onno"]
[Result "1-0"]
[WhiteElo "2130"]
[BlackElo "2323"]
[PlyCount "99"]
[EventDate "2024.08.10"]
[EventType "swiss"]
[EventRounds "9"]
[EventCountry "BEL"]
[SourceTitle "CB34_2024"]
[SourceDate "2024.08.21"]
[SourceVersion "1"]
[SourceVersionDate "2024.08.21"]
[SourceQuality "1"]

1. Nf3 d5 2. c4 e6 3. e3 Nf6 4. Nc3 a6 5. b3 Bd6 6. Bb2 b6 7. Qc2 Bb7 8. d4 Nbd7 9. Bd3 Qe7 10. 0-0 dxc4 11. Bxc4 0-0 12. e4 e5 13. Nd5 Nxd5 14. Bxd5 Bxd5 15. dxe5 Nxe5 16. Nxe5 Bb7 17. Nc6 Qe6 18. Qc3 Qh6 19. g3 Rfe8 20. Rfe1 Bc5 21. Ne5 Rad8 22. Nd3 Bd6 23. e5 Bf8 24. Qxc7 Ba8 25. e6 fxe6 26. Re3 Rd5 27. Nf4 Rd2 28. Bc3 Rc2 29. Qd7 e5 30. Qxe8 exf4 31. Bb4 Qf6 32. Bxf8 Qxa1+ 33. Re1 Qxe1+ 34. Qxe1 Kxf8 35. Qd1 Be4 36. Qd6+ Kg8 37. Qb8+ Kf7 38. Qxf4+ Kg8 39. Qxe4 Rc1+ 40. Kg2 h6 41. Qa8+ Kh7 42. Qxa6 Rc6 43. Qd3+ Kh8 44. a4 Rf6 45. b4 Kg8 46. a5 bxa5 47. bxa5 h5 48. Qd5+ Kh7 49. Qxh5+ Kg8 50. Qb5 1-0

[Event "Bruges op"]
[Site "Bruges"]
[Date "2024.08.12"]
[Round "4"]
[White "Van Volsem, Merlijn"]
[Black "Elgersma, Onno"]
[Result "1/2-1/2"]
[WhiteElo "2205"]
[BlackElo "2323"]
[PlyCount "57"]
[EventDate "2024.08.10"]
[EventType "swiss"]
[EventRounds "9"]
[EventCountry "BEL"]
[SourceTitle "CB34_2024"]
[SourceDate "2024.08.21"]
[SourceVersion "1"]
[SourceVersionDate "2024.08.21"]
[SourceQuality "1"]

1. Nf3 Nf6 2. g3 c5 3. Bg2 Nc6 4. d4 cxd4 5. Nxd4 e5 6. Nxc6 dxc6 7. Nd2 Bc5 8. 0-0 0-0 9. a4 a5 10. Nc4 Qe7 11. Bd2 e4 12. Be3 Be6 13. Bxc5 Qxc5 14. Ne3 Rad8 15. Qc1 Qh5 16. f3 exf3 17. exf3 Rd4 18. Qe1 Rfd8 19. Qc3 h6 20. Rad1 Rxd1 21. Rxd1 Rxd1+ 22. Nxd1 Qd5 23. Ne3 Qd8 24. Bf1 Bd5 25. Qd4 Qe7 26. Kf2 Be6 27. Qb6 Nd5 28. Nxd5 Bxd5 29. Be2 1/2-1/2

[Event "Bruges op"]
[Site "Bruges"]
[Date "2024.08.11"]
[Round "3"]
[White "Elgersma, Onno"]
[Black "De Heug, Andrea"]
[Result "1-0"]
[WhiteElo "2323"]
[BlackElo "2147"]
[PlyCount "141"]
[EventDate "2024.08.10"]
[EventType "swiss"]
[EventRounds "9"]
[EventCountry "BEL"]
[SourceTitle "CB34_2024"]
[SourceDate "2024.08.21"]
[SourceVersion "1"]
[SourceVersionDate "2024.08.21"]
[SourceQuality "1"]

1. e4 e5 2. Nf3 Nc6 3. Bb5 a6 4. Ba4 Nf6 5. 0-0 Be7 6. d3 b5 7. Bb3 d6 8. Bd2 0-0 9. h3 Be6 10. Nc3 Bxb3 11. axb3 d5 12. exd5 Nxd5 13. Re1 b4 14. Nxd5 Qxd5 15. Qe2 Bc5 16. Qe4 Qd6 17. Qc4 Bb6 18. Re4 a5 19. Rae1 Rae8 20. Bf4 Qf6 21. Bxe5 Nxe5 22. Rxe5 Rxe5 23. Rxe5 Rd8 24. Qe4 g6 25. Re8+ Rxe8 26. Qxe8+ Kg7 27. Qe5 Qxe5 28. Nxe5 Kf6 29. Nc4 Ke6 30. Kf1 Bd4 31. Ke2 Kd5 32. f3 c5 33. Kd2 Bf6 34. c3 Bd8 35. f4 f5 36. Ne3+ Ke6 37. Nc2 Kd5 38. Ne1 Bc7 39. Ke3 Bd8 40. Nf3 Bf6 41. Kd2 Kd6 42. Ng5 h6 43. Nf3 g5 44. fxg5 hxg5 45. g4 fxg4 46. hxg4 Kd5 47. Kc2 Bd8 48. c4+ Kd6 49. d4 cxd4 50. Nxd4 Bf6 51. Nf3 Kc5 52. Kd3 Kc6 53. Ke4 Kc5 54. Ne1 Kd6 55. Nd3 Ke6 56. Ke3 Kd6 57. Kf3 Ke7 58. Ke4 Ke6 59. Nc5+ Kd6 60. Kf5 Bxb2 61. Nd3 Bc3 62. Kxg5 a4 63. bxa4 b3 64. Kh6 b2 65. Nxb2 Bxb2 66. g5 Bc1 67. Kh5 Ke6 68. g6 Kf6 69. c5 Kg7 70. c6 Bf4 71. a5 1-0

[Event "Paracin op-A 17th"]
[Site "Paracin"]
[Date "2024.07.05"]
[Round "3"]
[White "Elgersma, Onno"]
[Black "Sahbudak, Baris Cinar"]
[Result "1-0"]
[WhiteElo "2348"]
[BlackElo "2073"]
[PlyCount "119"]
[EventDate "2024.07.03"]
[EventType "swiss"]
[EventRounds "9"]
[EventCountry "SRB"]
[SourceTitle "CB29_2024"]
[SourceDate "2024.05.01"]
[SourceVersion "1"]
[SourceVersionDate "2024.05.01"]
[SourceQuality "1"]

1. Nf3 g6 2. c4 c5 3. d4 cxd4 4. Nxd4 Bg7 5. Nc3 Nc6 6. Nc2 d6 7. e4 Nf6 8. Be2 0-0 9. 0-0 Be6 10. Be3 Rc8 11. Rc1 Nd7 12. Qd2 Nc5 13. f3 Qa5 14. Na3 a6 15. Rfd1 Na4 16. Nab1 Rfe8 17. Nxa4 Qxa4 18. b3 Qb4 19. Nc3 Qa3 20. Bf1 h5 21. h3 Kh7 22. f4 Nb4 23. Nb1 Qa5 24. a3 Nc6 25. Qf2 Qc7 26. Nd2 f6 27. Bb6 Qd7 28. Nf3 Bh6 29. Qh4 Nd8 30. e5 Bf5 31. exf6 exf6 32. Qxf6 Bxf4 33. Rc3 Qe7 34. Qxe7+ Rxe7 35. g3 Bh6 36. Rxd6 Nf7 37. Rd1 Bg7 38. Re3 Rxe3 39. Bxe3 Re8 40. Bf2 g5 41. Bg2 g4 42. hxg4 hxg4 43. Nh4 Bc8 44. Re1 Ne5 45. Be4+ Kg8 46. Kg2 Bf6 47. Bd4 Kg7 48. Bb1 Bd7 49. Nf5+ Kf8 50. Kf1 Nf3 51. Rxe8+ Bxe8 52. Bxf6 Nd2+ 53. Ke2 Nxb1 54. Bb2 b5 55. Nd6 bxc4 56. Nxe8 c3 57. Bc1 Kxe8 58. Kd3 Nd2 59. Bxd2 cxd2 60. Kxd2 1-0

[Event "Titled Tuesday intern op 05th Sep Late"]
[Site "Chess.com INT"]
[Date "2023.09.05"]
[Round "7"]
[White "Elgersma, Onno"]
[Black "Kamsky, Gata"]
[Result "0-1"]
[WhiteElo "2259"]
[BlackElo "2641"]
[PlyCount "68"]
[EventDate "2023.09.05"]
[EventType "swiss (blitz)"]
[EventRounds "11"]
[EventCountry "USA"]
[SourceTitle "EXT 2024"]
[Source "ChessBase"]
[SourceDate "2023.10.10"]
[SourceVersion "1"]
[SourceVersionDate "2023.10.10"]
[SourceQuality "1"]

1. e4 g6 2. d4 Bg7 3. Nf3 d6 4. c3 Nf6 5. Bd3 0-0 6. h3 Nc6 7. 0-0 e5 8. Be3 Re8 9. Nbd2 a6 10. Re1 b6 11. a3 Bb7 12. Qc2 h6 13. Nf1 d5 14. dxe5 Nxe4 15. Bxe4 dxe4 16. Qxe4 Qc8 17. Qh4 g5 18. Qh5 Qf5 19. N1h2 Nxe5 20. Nxe5 Qxe5 21. Ng4 Qd5 22. f3 Re6 23. Bd4 Rae8 24. Rxe6 Rxe6 25. Bxg7 Kxg7 26. Nf2 Re2 27. Rf1 Rxb2 28. h4 Qf5 29. hxg5 Qxg5 30. Qh2 c5 31. Nh3 Qf6 32. Nf4 Kh7 33. Nh5 Qg5 34. Qc7 Qxg2# 0-1